000 00401nam a22001457a 4500
005 20250829132718.0
008 250829b |||||||| |||| 00| 0 eng d
020 _a8185738467
050 _aBP 134
_b.J37
100 _aATAUR-RAHIM, MUHAMMED
245 _aJESUS A PROPHET OF ISLAM
_cMUHAMMED ATAUR-RAHIM
260 _aNEW DELHI
_bISLAMIC BOOK SERVICE
_cc1998
300 _aVI, 286P.;
942 _2lcc
_cBK
_n0
999 _c7406
_d7406